[Event "Novosibirsk Sukharev Memorial Seniors"]
[Site "Novosibirsk"]
[Date "2009.07.26"]
[Round "9"]
[White "Kozdov, Nikolai"]
[Black "Popova, Adelanda"]
[Result "1-0"]
[WhiteElo "2058"]
[BlackElo "1636"]
[PlyCount "48"]
[EventDate "2009.07.18"]
[EventType "swiss"]
[EventRounds "9"]
[EventCountry "RUS"]
[SourceTitle "EXT 2021"]
[Source "ChessBase"]
[SourceDate "2020.10.23"]
[SourceVersion "1"]
[SourceVersionDate "2020.10.23"]
[SourceQuality "1"]

1. e4 g6 2. d4 d6 3. Bc4 Bg7 4. c3 e6 5. Be3 Nc6 6. Ne2 Nge7 7. Bg5 h6 8. Bh4 a6 9. Bd3 g5 10. Bg3 0-0 11. h4 f6 12. f3 Qe8 13. hxg5 fxg5 14. Qc2 Nd8 15. Nd2 b5 16. e5 d5 17. 0-0 Nf7 18. f4 Nf5 19. Bf2 g4 20. Ng3 Nh8 21. Bxf5 exf5 22. Nb3 Ng6 23. Nh5 a5 24. Nc5 a4 1-0

[Event "Novosibirsk Sukharev Memorial Seniors"]
[Site "Novosibirsk"]
[Date "2009.07.20"]
[Round "3"]
[White "Kozdov, Nikolai"]
[Black "Chernoev, Yakov"]
[Result "1-0"]
[WhiteElo "2058"]
[BlackElo "1949"]
[PlyCount "96"]
[EventDate "2009.07.18"]
[EventType "swiss"]
[EventRounds "9"]
[EventCountry "RUS"]
[SourceTitle "EXT 2021"]
[Source "ChessBase"]
[SourceDate "2020.10.23"]
[SourceVersion "1"]
[SourceVersionDate "2020.10.23"]
[SourceQuality "1"]

1. d4 Nf6 2. Bg5 g6 3. c4 Bg7 4. Nc3 d6 5. Nf3 c6 6. a3 Nbd7 7. Qd2 h6 8. Bh4 d5 9. cxd5 cxd5 10. e3 Ne4 11. Qc2 Nxc3 12. Qxc3 0-0 13. Bd3 Nf6 14. Rc1 Bd7 15. Qb4 Bc6 16. Ne5 g5 17. Nxc6 bxc6 18. Bg3 Qd7 19. Be5 Nh5 20. Bxg7 Kxg7 21. Qc3 Rac8 22. h3 Nf6 23. Qc2 Rc7 24. 0-0 Qd6 25. Qe2 c5 26. f4 cxd4 27. Rxc7 Qxc7 28. fxg5 hxg5 29. exd4 Rg8 30. Qe3 Kf8 31. Bf5 Nd7 32. Be6 Nf6 33. Rc1 Qf4 34. Qxf4 gxf4 35. Bf5 Rg5 36. Bc2 f3 37. g4 Nxg4 38. hxg4 Rxg4+ 39. Kf2 Rxd4 40. Rd1 Rxd1 41. Bxd1 e6 42. Bxf3 Ke7 43. Ke3 Kd6 44. b4 f5 45. Kf4 Kc6 46. Be2 Kd6 47. Bd3 e5+ 48. Kxf5 e4 1-0

[Event "Novosibirsk Sukharev Memorial Seniors"]
[Site "Novosibirsk"]
[Date "2009.07.18"]
[Round "1"]
[White "Kozdov, Nikolai"]
[Black "Migunov, Vladislav"]
[Result "1/2-1/2"]
[WhiteElo "2058"]
[BlackElo "1900"]
[PlyCount "98"]
[EventDate "2009.07.18"]
[EventType "swiss"]
[EventRounds "9"]
[EventCountry "RUS"]
[SourceTitle "EXT 2021"]
[Source "ChessBase"]
[SourceDate "2020.10.23"]
[SourceVersion "1"]
[SourceVersionDate "2020.10.23"]
[SourceQuality "1"]

1. Nf3 Nf6 2. c4 e6 3. Nc3 d5 4. e3 c5 5. d4 dxc4 6. Bxc4 cxd4 7. exd4 a6 8. Bg5 Be7 9. Qc2 b5 10. Bd3 h6 11. Bxf6 Bxf6 12. Ne4 Bb7 13. Nxf6+ Qxf6 14. Be4 Bxe4 15. Qxe4 Ra7 16. Ne5 0-0 17. 0-0 Nd7 18. Rac1 Nxe5 19. dxe5 Qe7 20. Rc6 Rd8 21. Rfc1 Rc7 22. g3 Rdc8 23. Kg2 Qd7 24. Rd6 Qe7 25. Rxc7 Qxc7 26. Rxa6 Qc4 27. Qxc4 Rxc4 28. b3 Re4 29. f4 Re2+ 30. Kh3 g5 31. Rb6 Rxa2 32. Rxb5 Rf2 33. fxg5 hxg5 34. Rc5 Rb2 35. Kg4 Rxb3 36. Kxg5 Kg7 37. Kf4 Rb2 38. h4 Rf2+ 39. Kg5 Rf5+ 40. Kg4 Kh6 41. Rc7 Kg6 42. Rc5 f6 43. Kh3 fxe5 44. g4 Rf3+ 45. Kg2 Rf4 46. Rxe5 Rxg4+ 47. Kh3 Ra4 48. Rxe6+ Kh5 49. Re5+ Kh6 1/2-1/2

[Event "Novosibirsk Region-ch Seniors"]
[Site "Novosibirsk"]
[Date "2009.02.??"]
[Round "6"]
[White "Kozdov, Nikolai"]
[Black "Boryak, Alexey"]
[Result "1-0"]
[WhiteElo "2058"]
[BlackElo "1964"]
[PlyCount "35"]
[EventDate "2009.02.??"]
[EventType "swiss"]
[EventRounds "9"]
[EventCountry "RUS"]
[SourceTitle "EXT 2012"]
[Source "ChessBase"]
[SourceDate "2011.11.24"]
[SourceVersion "1"]
[SourceVersionDate "2011.11.24"]
[SourceQuality "1"]

1. d4 Nf6 2. c4 e6 3. a3 b6 4. Nc3 Bb7 5. Nf3 d5 6. Bg5 Be7 7. e3 0-0 8. Bd3 c5 9. 0-0 h6 10. Bh4 Nbd7 11. Rc1 Ne4 12. Bxe7 Qxe7 13. Qc2 Rfe8 14. Rfd1 Rad8 15. Nb5 a5 16. Bxe4 dxe4 17. Nd2 f5 18. Nf1 1-0

[Event "Novosibirsk Region-ch Seniors"]
[Site "Novosibirsk"]
[Date "2009.02.??"]
[Round "2"]
[White "Kozdov, Nikolai"]
[Black "Dubrovin, Yury"]
[Result "0-1"]
[WhiteElo "2058"]
[BlackElo "2067"]
[PlyCount "70"]
[EventDate "2009.02.??"]
[EventType "swiss"]
[EventRounds "9"]
[EventCountry "RUS"]
[SourceTitle "EXT 2012"]
[Source "ChessBase"]
[SourceDate "2011.11.24"]
[SourceVersion "1"]
[SourceVersionDate "2011.11.24"]
[SourceQuality "1"]

1. d4 d5 2. c4 c6 3. Nf3 Nf6 4. Nc3 dxc4 5. a4 Bf5 6. Nh4 Be6 7. e4 g6 8. Nf3 Bg7 9. Ne5 0-0 10. Be3 Nbd7 11. Nxc4 Nb6 12. Nd2 Ng4 13. a5 Nxe3 14. fxe3 Nd7 15. Bd3 f5 16. 0-0 Ne5 17. Bc2 Ng4 18. Qe2 Nxe3 19. Nf3 Nxf1 20. Rxf1 Bxd4+ 21. Kh1 Bg7 22. Ng5 Qd6 23. Bd3 Kh8 24. Bc4 Bxc4 25. Qxc4 Qf6 26. h4 h6 27. e5 Qxe5 28. Nf7+ Rxf7 29. Qxf7 Qf6 30. Qc4 Rd8 31. g3 Qd6 32. Kg2 Bxc3 33. Qxc3+ Qd4 34. Re1 Qxc3 35. bxc3 Rd7 0-1

[Event "Novosibirsk Sukharev Memorial Seniors"]
[Site "Novosibirsk"]
[Date "2008.07.23"]
[Round "4"]
[White "Kozdov, Nikolai"]
[Black "Volkov, Petr"]
[Result "1-0"]
[WhiteElo "2053"]
[BlackElo "2095"]
[PlyCount "109"]
[EventDate "2008.07.20"]
[EventType "swiss"]
[EventRounds "9"]
[EventCountry "RUS"]
[SourceTitle "EXT 2022"]
[Source "ChessBase"]
[SourceDate "2021.10.06"]
[SourceVersion "1"]
[SourceVersionDate "2021.10.06"]
[SourceQuality "1"]

1. d4 d5 2. c4 dxc4 3. e4 e5 4. d5 Nf6 5. Nc3 c6 6. Bg5 Bb4 7. Bxc4 Bxc3+ 8. bxc3 Qa5 9. Bd3 Qxc3+ 10. Kf1 Nbd7 11. Rc1 Qa3 12. dxc6 bxc6 13. Qb3 Qd6 14. Bxf6 Qxf6 15. Qa3 c5 16. h4 0-0 17. Rh3 a5 18. Nf3 Ba6 19. Bxa6 Qxa6+ 20. Kg1 Qe2 21. Re1 Qb5 22. Rg3 Rfe8 23. Qe3 Ra6 24. h5 Qb6 25. Rd1 Nf8 26. Rd5 Qb1+ 27. Kh2 Qxa2 28. Nh4 Rf6 29. Qg5 Ng6 30. hxg6 fxg6 31. Rxe5 Rxe5 32. Qxe5 Qxf2 33. Nf3 h6 34. Qe8+ Rf8 35. Qxg6 Rf7 36. Ne5 Re7 37. Ng4 Qf4 38. e5 Kh8 39. Kh3 Qf7 40. Qxf7 Rxf7 41. Rc3 Rc7 42. Ne3 a4 43. Kg4 Ra7 44. Ra3 Kg8 45. e6 g6 46. Kf4 Kf8 47. Ke5 Ke8 48. Nd5 Ra5 49. Kd6 Ra6+ 50. Kxc5 Ra5+ 51. Kd6 Ra6+ 52. Ke5 Ra5 53. Rc3 Kd8 54. e7+ Kd7 55. Rc7+ 1-0

[Event "Novosibirsk Sibiria op-D"]
[Site "Novosibirsk"]
[Date "2007.07.24"]
[Round "5"]
[White "Kozdov, Nikolai"]
[Black "Okladnikov, Gennady"]
[Result "0-1"]
[WhiteElo "2037"]
[BlackElo "2176"]
[PlyCount "52"]
[EventDate "2007.07.20"]
[EventType "swiss"]
[EventRounds "9"]
[EventCountry "RUS"]
[SourceTitle "EXT 2008"]
[Source "ChessBase"]
[SourceDate "2007.11.25"]
[SourceVersion "1"]
[SourceVersionDate "2007.11.25"]
[SourceQuality "1"]

1. d4 g6 2. c4 Bg7 3. Nc3 Nf6 4. e4 d6 5. Be2 0-0 6. Bg5 c5 7. d5 Qa5 8. Qd2 h6 9. Be3 a6 10. a4 e5 11. f3 Kh7 12. g4 h5 13. g5 Ne8 14. h4 Nd7 15. Ra3 Rb8 16. Qc2 Qd8 17. Bd3 Nc7 18. Ra1 Qe7 19. Kd2 f6 20. Rf1 b5 21. axb5 axb5 22. cxb5 Nb6 23. b3 Bd7 24. Ra1 Rb7 25. Nh3 f5 26. Nf2 f4 0-1